[Event "Ruhrgebiet VL1 0405"]
[Site "Ruhrgebiet"]
[Date "2005.03.13"]
[Round "8.8"]
[White "Delling, Juergen"]
[Black "Jochmann, Christian"]
[Result "1/2-1/2"]
[WhiteElo "1647"]
[BlackElo "1941"]
[PlyCount "33"]
[EventDate "2004.09.12"]
[EventType "team"]
[EventRounds "9"]
[EventCountry "GER"]
[SourceTitle "EXT 2006"]
[Source "ChessBase"]
[SourceDate "2005.11.24"]
[SourceVersion "1"]
[SourceVersionDate "2005.11.24"]
[SourceQuality "1"]
[WhiteTeam "Laeufer Ost"]
[BlackTeam "Brambauer"]
[WhiteTeamCountry "GER"]
[BlackTeamCountry "GER"]

1. d4 Nf6 2. Nf3 g6 3. c4 Bg7 4. Nc3 0-0 5. e4 d6 6. Be2 e5 7. 0-0 Nc6 8. d5 Ne7 9. Bg5 h6 10. Bd2 Ne8 11. Qc1 Kh7 12. Ne1 f5 13. f4 exf4 14. exf5 Nxf5 15. Bxf4 Nf6 16. Nf3 Bd7 17. Bd3 1/2-1/2

[Event "Recklinghausen-ch"]
[Site "Recklinghausen"]
[Date "2004.10.09"]
[Round "6"]
[White "Delling, Juergen"]
[Black "Lange, Hans Werner"]
[Result "1/2-1/2"]
[WhiteElo "1698"]
[BlackElo "1601"]
[PlyCount "48"]
[EventDate "2004.09.18"]
[EventType "swiss"]
[EventRounds "7"]
[EventCountry "GER"]
[SourceTitle "EXT 2006"]
[Source "ChessBase"]
[SourceDate "2005.11.24"]
[SourceVersion "1"]
[SourceVersionDate "2005.11.24"]
[SourceQuality "1"]

1. d4 Nf6 2. Nf3 g6 3. c4 Bg7 4. Nc3 0-0 5. e4 d6 6. Be2 Nc6 7. 0-0 e5 8. d5 Ne7 9. Bg5 Nd7 10. Qd2 f6 11. Bh6 f5 12. Bxg7 Kxg7 13. Ng5 Nf6 14. f4 h6 15. fxe5 dxe5 16. Nf3 fxe4 17. Nxe5 Nc6 18. Nxc6 bxc6 19. Rad1 c5 20. Qe3 Qe7 21. h3 Bd7 22. Qg3 Qd6 23. Qxd6 cxd6 24. Rde1 Rae8 1/2-1/2

[Event "Recklinghausen-ch"]
[Site "Recklinghausen"]
[Date "2004.09.18"]
[Round "2"]
[White "Delling, Juergen"]
[Black "Bosau, Jens"]
[Result "0-1"]
[WhiteElo "1698"]
[BlackElo "1631"]
[PlyCount "69"]
[EventDate "2004.09.18"]
[EventType "swiss"]
[EventRounds "7"]
[EventCountry "GER"]
[SourceTitle "EXT 2006"]
[Source "ChessBase"]
[SourceDate "2005.11.24"]
[SourceVersion "1"]
[SourceVersionDate "2005.11.24"]
[SourceQuality "1"]

1. d4 Nf6 2. Nf3 g6 3. c4 Bg7 4. Nc3 0-0 5. e4 d6 6. Be2 Bg4 7. h3 Bxf3 8. Bxf3 c6 9. 0-0 Nbd7 10. Be3 a6 11. Rc1 Rc8 12. Qb3 Qb6 13. Qc2 Qc7 14. Rfe1 c5 15. Nd5 Nxd5 16. cxd5 c4 17. Be2 b5 18. Bg4 h5 19. Be2 Qb7 20. a3 Rc7 21. f4 Rfc8 22. Bf3 Qb6 23. Qf2 c3 24. b4 Rc4 25. e5 a5 26. Be2 R4c7 27. Rc2 axb4 28. axb4 Qb7 29. Bf3 Nb6 30. Rec1 Nxd5 31. Bxd5 Qxd5 32. Bd2 cxd2 33. Qxd2 Rxc2 34. Rxc2 Rxc2 35. Qxc2 0-1

[Event "Ruhrgebiet VK2 0001"]
[Site "Ruhrgebiet"]
[Date "2001.03.18"]
[Round "7"]
[White "Delling, Juergen"]
[Black "Schefczik, Rainer"]
[Result "0-1"]
[WhiteElo "1671"]
[BlackElo "1943"]
[PlyCount "86"]
[EventDate "2000.09.17"]
[EventType "team-tourn"]
[EventRounds "9"]
[EventCountry "GER"]
[SourceTitle "EXT 2023"]
[Source "ChessBase"]
[SourceDate "2022.10.05"]
[SourceVersion "1"]
[SourceVersionDate "2022.10.05"]
[SourceQuality "1"]
[WhiteTeam "Recklinghausen Laeufer Ost"]
[BlackTeam "Bottrop"]
[WhiteTeamCountry "GER"]
[BlackTeamCountry "GER"]

1. d4 d6 2. c4 e5 3. dxe5 dxe5 4. Qxd8+ Kxd8 5. e4 Be6 6. Nf3 f6 7. a3 c6 8. Be3 Nd7 9. b4 a5 10. b5 Bc5 11. Bxc5 Nxc5 12. Nc3 Ne7 13. Be2 Kc7 14. 0-0 Ng6 15. g3 Rad8 16. Rfd1 Ne7 17. Kg2 Nc8 18. Nd2 Rd7 19. Nf1 Rhd8 20. Rxd7+ Rxd7 21. f3 Nb6 22. Ne3 Rd4 23. Rd1 Nxc4 24. Bxc4 Bxc4 25. Rxd4 exd4 26. Nxc4 dxc3 27. b6+ Kb8 28. Ne3 Na4 29. Kf2 Nxb6 30. Ke2 Na4 31. Kd3 b5 32. Kc2 Kc7 33. Nd1 Kd6 34. Nxc3 Nxc3 35. Kxc3 Ke5 36. h4 h5 37. Kd3 b4 38. axb4 axb4 39. Kc4 c5 40. Kd3 b3 41. f4+ Kd6 42. Kc3 c4 43. Kb2 Kc6 0-1